| 000 | 00627nam a2200181Ia 4500 | ||
|---|---|---|---|
| 008 | 100920s9999 xx 000 0 und d | ||
| 082 |
_b22771 _a891.464 थ 69 |
||
| 100 | _aसाने गुरुजी. | ||
| 245 | _aभारतीय संस्कृती. | ||
| 260 |
_bसुलभ राष्ट्रीय ग्रंथमाला, पुणे 2. _c1969 |
||
| 300 |
_a277 _bसाधी |
||
| 365 | _b6 | ||
| 520 | _aनिबंध. | ||
| 630 | _aभारतीय संस्कृती. | ||
| 650 | _aनिबंध. | ||
| 730 | _aभारतीय संस्कृती. | ||
| 942 | _cBOOK | ||
| 999 |
_c682039 _d682036 |
||